000 01039nam a22002177a 4500
999 _c63556
_d63556
003 Ge_BSU
005 20251029165804.0
008 251029s2005 ge ||||| |||| 00| 0 geo d
020 _a9992832037
041 _ageo
080 _a342.9(479.22)(075.8) ლ-85
100 _aლორია, ვალერი
_912576
245 _aსაქართველოს ადმინისტრაციული სამართალი :
_bუმაღლ. სასწ. სტუდ. /
_cვალერი ლორია; [რედ.: გიორგი გიორგაძე].
264 _aთბ. :
_bმერიდიანი,
_c2005.
300 _a447გვ. ;
_b19სმ.
500 _aსაძიებელი გვ. 438-442.
520 _aრეზ. რუს.
653 _aსაქართველოს ადმინისტრაციული სამართალი
700 _aგიორგაძე, გიორგი
_eრედაქტორი
_98090
942 _2udc
_cᲬᲘᲒᲜᲘ